मेरा हिंदुस्तान : (Record no. 206448)

MARC details
000 -LEADER
fixed length control field 00809nam a2200181 4500
010 ## - LCCN (DPL NO)
LC control number HIN-128685
020 ## - INTERNATIONAL STANDARD BOOK NUMBER
International Standard Book Number 9788181662555
Terms of availability 200.00
035 ## - SYSTEM CONTROL NUMBER
System control number HN-101031
037 ## - SOURCE OF ACQUISITION
Source of stock number/acquisition DBAD
082 ## - DEWEY DECIMAL CLASSIFICATION NUMBER
Edition number द्वितीय
Classification number
245 ## - TITLE STATEMENT
Title मेरा हिंदुस्तान :
Remainder of title जिम कॉर्बेट /
Statement of responsibility, etc संजीवदत्त द्वारा अनुवादित
250 ## - EDITION STATEMENT
Edition statement द्वितीय संस्करण
260 ## - PUBLICATION, DISTRIBUTION, ETC. (IMPRINT)
Place of publication, distribution, etc दिल्ली
Name of publisher, distributor, etc मेधा बुक्स
Date of publication, distribution, etc 2011
270 ## - ADDRESS
Address एक्स-11, नवीन शाहदरा ,
City दिल्ली
Postal code 110032
Electronic mail address mpmdtp@yahoo.com
300 ## - PHYSICAL DESCRIPTION
Extent 216पृ.
Dimensions 21सेमी(सजिल्द)
700 ## - ADDED ENTRY--PERSONAL NAME
Personal name संजीवदत्त
9 (RLIN) 72891
942 ## - ADDED ENTRY ELEMENTS (KOHA)
Source of classification or shelving scheme Dewey Decimal Classification
Item type Hindi Books
Edition 1
Classification part
Call number suffix मेराहिं
Holdings
Withdrawn status Lost status Not for loan Collection code Home library Current library Date acquired Source of acquisition Cost, normal purchase price Full call number Barcode Copy number Cost, replacement price Koha item type
      Fiction Bawana Bawana 16/10/2024 DBAD 200.00 क मेराहिं HN-101031 1 200.00 Hindi Books

© Delhi Public Library
Hit Counter
free hit counter